Nightmare on retail street (Record no. 82147)

MARC details
000 -LEADER
fixed length control field 00926cam a22001935a 4500
001 - CONTROL NUMBER
control field L149346
008 - FIXED-LENGTH DATA ELEMENTS--GENERAL INFORMATION
fixed length control field 100223s2009 xxk 000 0 eng d
035 ## - SYSTEM CONTROL NUMBER
System control number (Sirsi) u149346
041 0# - LANGUAGE CODE
Language code of text/sound track or separate title eng
100 1# - MAIN ENTRY--PERSONAL NAME
Personal name Overstall, James
245 00 - TITLE STATEMENT
Title Nightmare on retail street
Remainder of title the dangers of short-term lets
260 ## - PUBLICATION, DISTRIBUTION, ETC.
Date of publication, distribution, etc. 2009
490 ## - SERIES STATEMENT
Series statement Lovells Real Estate Quarterly
Volume/sequential designation Winter 2009, 8(1)
520 ## - SUMMARY, ETC.
Summary, etc. Landlords should be wary of accepting retailers? offers to take short-term pre-Christmas tenancy agreements on empty shops. Summarises the advantages and disadvantages of this type of agreement. Care must be taken not to inadvertently grant a protected tenancy under the Landlord and Tenant Act 1954. Landlord and Tenant Act 1954.
590 ## - LOCAL NOTE (RLIN)
Local note KA
651 #4 - SUBJECT ADDED ENTRY--GEOGRAPHIC NAME
Geographic name England and Wales
Chronological subdivision 1543-
690 ## - LOCAL SUBJECT ADDED ENTRY--TOPICAL TERM (OCLC, RLIN)
Topical term or geographic name as entry element PROPERTY-COMMERCIAL PROPERTY-LEASEHOLD COMMERCIAL PROPERTY-COMMERCIAL LANDLORD AND TENANT-BUSINESS TENANCIES
942 ## - ADDED ENTRY ELEMENTS (KOHA)
Suppress in OPAC 0
Holdings
Withdrawn status Lost status Source of classification or shelving scheme Damaged status Not for loan Home library Current library Shelving location Date acquired Total Checkouts Full call number Barcode Date last seen Copy number Price effective from Koha item type
    Dewey Decimal Classification     London London Journal article 23/02/2010   L149346 149346-1001 06/08/2019 1 06/08/2019 Journal article